MARC details
| 000 -CABECERA |
| campo de control de longitud fija |
00964cam a2200253 a 4500 |
| 001 - NÚMERO DE CONTROL |
| campo de control |
000009435 |
| 005 - FECHA Y HORA DE LA ÚLTIMA TRANSACCIÓN |
| campo de control |
20200929161607.0 |
| 008 - DATOS DE LONGITUD FIJA--INFORMACIÓN GENERAL |
| campo de control de longitud fija |
780919s1972 sp cf 001 0 spa |
| 020 ## - NÚMERO INTERNACIONAL ESTÁNDAR DEL LIBRO |
| Número Internacional Estándar del Libro |
840004374X |
| 035 ## - NÚMERO DE CONTROL DEL SISTEMA |
| Número de control de sistema |
(DLC) 75538762 |
| 040 ## - FUENTE DE LA CATALOGACIÓN |
| Centro catalogador/agencia de origen |
DO-SdBNP |
| Lengua de catalogación |
spa |
| Centro/agencia transcriptor |
DLC |
| Centro/agencia modificador |
BNPHU |
| 082 ## - NÚMERO DE LA CLASIFICACIÓN DECIMAL DEWEY |
| Número de clasificación |
863.62 |
| Número de documento/Ítem |
B299c, 1972 |
| 049 ## - FONDOS LOCALES (OCLC) |
| Fondos de biblioteca |
BNGR |
| 100 1# - ENTRADA PRINCIPAL--NOMBRE DE PERSONA |
| Nombre de persona |
Baselga Ramírez, Mariano, |
| Fechas asociadas al nombre |
1865-1938. |
| 9 (RLIN) |
24231 |
| 245 10 - MENCIÓN DE TÍTULO |
| Título |
Cuentos aragoneses / |
| Mención de responsabilidad, etc. |
Mariano Baselga Ramírez ; prólogo del Doctor Juan Moneva Puyol. |
| 250 ## - MENCIÓN DE EDICIÓN |
| Mención de edición |
4a ed. |
| 260 ## - PUBLICACIÓN, DISTRIBUCIÓN, ETC. |
| Lugar de publicación, distribución, etc. |
Zaragoza, (España) : |
| Nombre del editor, distribuidor, etc. |
Institución Fernando el Católico de la Excma : |
| -- |
Diputación Provincial de Zaragoza, |
| Fecha de publicación, distribución, etc. |
[1972]. |
| 300 ## - DESCRIPCIÓN FÍSICA |
| Extensión |
365 p. : |
| Otras características físicas |
port. ; |
| Dimensiones |
21 cm. |
| 490 1# - MENCIÓN DE SERIE |
| Mención de serie |
Publicación de la Institución Fernando el Católico |
| Designación de volumen o secuencia |
1.150 |
| 650 #4 - PUNTO DE ACCESO ADICIONAL DE MATERIA--TÉRMINO DE MATERIA |
| Término de materia o nombre geográfico como elemento de entrada |
Cuentos españoles |
| 9 (RLIN) |
3194 |
| 650 #4 - PUNTO DE ACCESO ADICIONAL DE MATERIA--TÉRMINO DE MATERIA |
| Término de materia o nombre geográfico como elemento de entrada |
Literatura española |
| 9 (RLIN) |
632 |
| 830 #0 - PUNTO DE ACCESO ADICIONAL DE SERIE-TÍTULO UNIFORME |
| Título uniforme |
Publicación de la Institución Fernando el Católico ; |
| Designación de volumen o secuencia |
1.150 |
| 9 (RLIN) |
14666 |
| 910 ## - DATOS DE OPCIÓN DEL USUARIO (OCLC) |
| Datos de opción del usuario |
Catalogación derivada |